000 00672nam a2200217 i 4500
001 134669
003 ES-MaACL
005 20230906194724.0
007 t|
008 070912s1931 fr ||||1| fre d
100 1 _aWeigall, Arthur.
_9116321
245 1 0 _aCléopâtre
_b: sa vie et son temps /
_cArthur Weigall ; traduction de Jean Duren et M. R. Laville.
260 _aParis :
_bPayot,
_c1931 (
_fVannes Lafolye)
300 _a347 p. :
_bil. ;
_c23 cm.
490 1 _aBibliothéque historique
700 1 _aDuren, Jean.
_946287
700 1 _aLaville, R.
_970723
830 0 _aBibliothéque historique
_9180899
852 _aES-MaACL
_jA-1980
999 _c134669
_d134669